000 00817 a2200205 4500
001 55625
005 20260407155829.0
008 260407a1960 arg spa d
003 AR-UNSa-BCEJYS
040 _aAR-UNSa-BCEJYS
_bspa
_cAR-UNSa-BCEJYS
080 _a330
_xEconomía en general
245 1 0 _aDiez lecciones de economía
264 1 _aBuenos Aires :
_bVíctor P. de Zavalía
_c1960
300 _a131 p.
_c20 cm.
505 _a1. ¿Qué es la economía? - 2. El mercado - 3. La empresa – 4. Capital, trabajo, salario – 5. Moneda y Crédito – 6. Monopolios, crisis, desempleos – 7. Comercios internacionales – 8. Nacionalismo y Socialismo – 9. Dirigismo – 10. Lo que no es economía.
041 _aspa
942 _cBK
590 _aniveau_biblio:m niveau_hierar:0
100 1 _aBallvé, Faustino
999 _c5969
_d5969